000 00516nam a22001937a 4500
003 OSt
005 20160204194506.0
008 160204b xxu||||| |||| 00| 0 eng d
020 _a0852972792
040 _cDDC.
082 _a332.1WHY1990
100 _aWhyte,Ian;Plenderleith,John;
_96709
245 _aManagement in Banking.
260 _aLondon.
_bThe chartered Institute of bankers.
_c1990
300 _axiii,329p;
_bill;
_c22cm
504 _aincludes index.
650 _aManagement.
_9364
942 _2ddc
_cSLOAN
999 _c2969
_d2969